| 000 | 00580nam a2200193 4500 | ||
|---|---|---|---|
| 001 | 143618 | ||
| 003 | ES-MaACL | ||
| 005 | 20230906200845.0 | ||
| 007 | t| | ||
| 008 | 070214s1969 sp r ||||1| spa d | ||
| 245 | 0 | 4 | _aLos servicios sociales en Gran Bretaña. |
| 260 |
_aLondres : _bCentral Office of Information, _c1969 _e(Norwich : _fPage Bros) |
||
| 300 |
_a125 p., 6 lám. ; _c24 cm. |
||
| 650 | 4 |
_917068 _aServicios sociales |
|
| 710 | 2 |
_aCentral Office of Information (London) _92537 |
|
| 852 |
_aES-MaACL _jC-47402 _bR.72425 |
||
| 942 | _2udc | ||
| 999 |
_c143618 _d143618 |
||